| 000 | 00405nam a2200157Ia 4500 | ||
|---|---|---|---|
| 008 | 230711s9999||||xx |||||||||||||| ||und|| | ||
| 041 | _aENG | ||
| 082 |
_a530.141 _bBO-E |
||
| 100 | _aBobrow,Leonard S | ||
| 245 | 0 | _aFundamental of Electrical Engineering | |
| 250 | _a1st . Ed. | ||
| 260 |
_c2005 _aNew Delhi _bOxford University Press |
||
| 300 | _a1137 | ||
| 650 | _aElectrical Engineering | ||
| 942 | _cBK | ||
| 999 |
_c4493 _d4493 |
||